[Event "Team Championship of Russia (rapid)"]
[Site "Sochi"]
[Date "2015.05.08"]
[Round "1.1"]
[White "Svidler, Peter"]
[Black "Potapov, Pavel"]
[Result "1-0"]
[LiveChessVersion "1.4.4"]
[BlackElo "2500"]
[WhiteElo "2649"]
[BlackTeam "Yamal"]
[WhiteTeam "The Bronze Horseman"]

1. Nf3 {[%clk 0:15:15]} f5 {[%clk 0:15:17]} 2. d4 {[%clk 0:15:11]} d6
{[%clk 0:15:22]} 3. Nc3 {[%clk 0:14:40]} Nf6 {[%clk 0:13:56]} 4. Bg5
{[%clk 0:14:48]} Ne4 {[%clk 0:12:38]} 5. Nxe4 {[%clk 0:14:37]} fxe4
{[%clk 0:12:46]} 6. Nd2 {[%clk 0:14:33]} Bf5 {[%clk 0:12:25]} 7. e3
{[%clk 0:14:32]} c6 {[%clk 0:11:28]} 8. c3 {[%clk 0:11:48]} Nd7 {[%clk 0:10:37]}
9. f3 {[%clk 0:11:55]} exf3 {[%clk 0:10:20]} 10. Qxf3 {[%clk 0:12:03]} Bg6
{[%clk 0:10:17]} 11. Bc4 {[%clk 0:12:00]} d5 {[%clk 0:09:23]} 12. Bb3
{[%clk 0:12:08]} Qc7 {[%clk 0:09:18]} 13. O-O {[%clk 0:12:06]} Nf6
{[%clk 0:08:12]} 14. c4 {[%clk 0:11:57]} Qa5 {[%clk 0:07:03]} 15. cxd5
{[%clk 0:09:48]} Qxd2 {[%clk 0:06:32]} 16. dxc6 {[%clk 0:09:16]} Be4
{[%clk 0:05:31]} 17. Bf7+ {[%clk 0:09:23]} Kxf7 {[%clk 0:03:38]} 18. Qxe4
{[%clk 0:09:32]} bxc6 {[%clk 0:03:45]} 19. Qxc6 {[%clk 0:08:52]} Rd8
{[%clk 0:03:48]} 20. Qc4+ {[%clk 0:07:59]} e6 {[%clk 0:03:17]} 21. h4
{[%clk 0:01:32]} h6 {[%clk 0:02:51]} 22. Bxf6 {[%clk 0:01:03]} gxf6
{[%clk 0:03:00]} 23. Qc7+ {[%clk 0:01:08]} Be7 {[%clk 0:03:06]} 24. Rxf6+
{[%clk 0:01:16]} Kxf6 {[%clk 0:02:36]} 25. Rf1+ {[%clk 0:01:16]} Kg6
{[%clk 0:02:30]} 26. Qxe7 {[%clk 0:00:55]} Qxe3+ {[%clk 0:02:15]} 27. Kh2 Kh5
{[%clk 0:01:24]} 28. Qf7+ {[%clk 0:01:05]} Kxh4 {[%clk 0:00:53]} 29. Rf4+
{[%clk 0:01:13]} Qxf4+ {[%clk 0:00:43]} 30. Qxf4+ {[%clk 0:01:22]} Kh5
{[%clk 0:00:52]} 31. Qe5+ {[%clk 0:01:28]} Kg6 {[%clk 0:00:57]} 32. Qxe6+
{[%clk 0:01:37]} Kg5 {[%clk 0:01:05]} 33. Qe7+ {[%clk 0:01:43]} Kg6
{[%clk 0:01:00]} 34. Qxa7 {[%clk 0:01:50]} Rhf8 {[%clk 0:01:05]} 35. a4
{[%clk 0:01:52]} Rf6 {[%clk 0:01:06]} 36. b4 {[%clk 0:01:42]} Rfd6
{[%clk 0:01:07]} 37. b5 {[%clk 0:01:50]} Rxd4 {[%clk 0:01:09]} 38. b6
{[%clk 0:01:58]} Rh4+ {[%clk 0:01:04]} 39. Kg3 {[%clk 0:02:04]} Rb4
{[%clk 0:01:06]} 40. Qe7 {[%clk 0:02:00]} Rd3+ {[%clk 0:01:08]} 41. Kh2
{[%clk 0:02:09]} Rdb3 {[%clk 0:01:03]} 42. a5 {[%clk 0:02:17]} Rb5
{[%clk 0:00:54]} 43. Qe8+ {[%clk 0:02:07]} Kg7 {[%clk 0:00:42]} 44. a6
{[%clk 0:02:11]} Rxb6 {[%clk 0:00:30]} 45. a7 {[%clk 0:02:20]} Ra6
{[%clk 0:00:29]} 46. Qe5+ {[%clk 0:02:25]} Kf8 {[%clk 0:00:21]} 47. Qb8+
{[%clk 0:02:29]} Kg7 {[%clk 0:00:21]} 48. Qxb3 {[%clk 0:02:31]} Rxa7
{[%clk 0:00:30]} 49. Kg3 {[%clk 0:02:39]} Rf7 {[%clk 0:00:33]} 50. Kg4
{[%clk 0:02:46]} Rf6 {[%clk 0:00:35]} 51. Qb7+ {[%clk 0:02:54]} Rf7
{[%clk 0:00:41]} 52. Qb2+ {[%clk 0:03:03]} Kg6 {[%clk 0:00:37]} 53. Qc2+
{[%clk 0:03:12]} Kg7 {[%clk 0:00:38]} 54. Kh5 {[%clk 0:03:20]} Rf6
{[%clk 0:00:38]} 55. Qc3 {[%clk 0:03:25]} Kf7 {[%clk 0:00:43]} 56. Qxf6+
{[%clk 0:03:29]} Kxf6 {[%clk 0:00:49]} 57. Kxh6 {[%clk 0:03:38]} Kf5
{[%clk 0:00:50]} 58. Kh5 {[%clk 0:03:47]} Kf6 {[%clk 0:00:57]} 59. g4
{[%clk 0:03:56]} 1-0

[Event "Team Championship of Russia (rapid)"]
[Site "Sochi"]
[Date "2015.05.08"]
[Round "1.2"]
[White "Goryachkina, Aleksandra"]
[Black "Vitiugov, Nikita"]
[Result "0-1"]
[LiveChessVersion "1.4.4"]
[BlackElo "2686"]
[WhiteElo "2428"]
[BlackTeam "The Bronze Horseman"]
[WhiteTeam "Yamal"]

1. d4 {[%clk 0:15:18]} Nf6 {[%clk 0:15:12]} 2. c4 {[%clk 0:15:27]} e6
{[%clk 0:15:21]} 3. Nf3 {[%clk 0:15:35]} d5 {[%clk 0:15:17]} 4. Nc3
{[%clk 0:15:43]} Bb4 {[%clk 0:15:24]} 5. Bg5 {[%clk 0:15:48]} h6 {[%clk 0:15:20]}
6. Bxf6 {[%clk 0:15:55]} Qxf6 {[%clk 0:15:28]} 7. e3 {[%clk 0:15:58]} O-O
{[%clk 0:15:35]} 8. Be2 {[%clk 0:16:07]} dxc4 {[%clk 0:15:31]} 9. O-O
{[%clk 0:16:14]} Qe7 {[%clk 0:15:36]} 10. Qc2 {[%clk 0:14:45]} c5
{[%clk 0:14:53]} 11. dxc5 {[%clk 0:12:18]} Bxc5 {[%clk 0:14:51]} 12. Ne4
{[%clk 0:12:05]} Bb6 {[%clk 0:14:55]} 13. Qxc4 {[%clk 0:11:53]} Bd7
{[%clk 0:14:15]} 14. Ne5 {[%clk 0:11:25]} Rc8 {[%clk 0:14:08]} 15. Qb3
{[%clk 0:11:26]} Be8 {[%clk 0:14:08]} 16. Nc4 {[%clk 0:10:34]} Bc7
{[%clk 0:14:00]} 17. Rfd1 {[%clk 0:09:46]} Bc6 {[%clk 0:13:24]} 18. Bf3
{[%clk 0:09:21]} Bd5 {[%clk 0:12:16]} 19. Ned2 {[%clk 0:08:29]} Bxf3
{[%clk 0:10:39]} 20. Nxf3 {[%clk 0:08:25]} Nc6 {[%clk 0:10:48]} 21. Rac1
{[%clk 0:07:33]} Rab8 {[%clk 0:10:46]} 22. Qa3 {[%clk 0:06:34]} Qxa3
{[%clk 0:10:17]} 23. Nxa3 {[%clk 0:06:43]} a6 {[%clk 0:10:01]} 24. Nc4
{[%clk 0:06:36]} Kf8 {[%clk 0:10:06]} 25. Kf1 {[%clk 0:06:19]} Ke7
{[%clk 0:10:11]} 26. Ke2 {[%clk 0:06:21]} Rd8 {[%clk 0:09:54]} 27. a3
{[%clk 0:06:18]} Rxd1 {[%clk 0:09:45]} 28. Rxd1 {[%clk 0:06:27]} Rc8
{[%clk 0:09:13]} 29. Rc1 {[%clk 0:06:08]} Rd8 {[%clk 0:09:13]} 30. Ncd2
{[%clk 0:05:45]} Rd5 {[%clk 0:08:52]} 31. h3 {[%clk 0:05:13]} Rb5
{[%clk 0:08:30]} 32. Rc2 {[%clk 0:05:19]} Bb6 {[%clk 0:07:49]} 33. Nc4
{[%clk 0:04:59]} Ba7 {[%clk 0:07:47]} 34. Ne1 {[%clk 0:04:29]} e5
{[%clk 0:07:20]} 35. Nd2 {[%clk 0:03:51]} f5 {[%clk 0:07:01]} 36. Nd3
{[%clk 0:03:20]} a5 {[%clk 0:05:38]} 37. Nb1 {[%clk 0:02:33]} e4 {[%clk 0:04:25]}
38. Nf4 {[%clk 0:02:34]} Rc5 {[%clk 0:04:17]} 39. Rxc5 {[%clk 0:01:44]} Bxc5
{[%clk 0:04:25]} 40. Nc3 {[%clk 0:01:47]} Ne5 {[%clk 0:04:00]} 41. h4
{[%clk 0:01:32]} g5 {[%clk 0:03:47]} 42. hxg5 {[%clk 0:01:41]} hxg5
{[%clk 0:03:56]} 43. Nh3 {[%clk 0:01:40]} Kf6 {[%clk 0:03:29]} 44. Nd5+
{[%clk 0:01:08]} Ke6 {[%clk 0:03:10]} 45. Nc3 {[%clk 0:01:17]} Be7
{[%clk 0:03:12]} 46. f3 {[%clk 0:01:02]} exf3+ {[%clk 0:02:59]} 47. gxf3
{[%clk 0:01:11]} Nxf3 {[%clk 0:02:19]} 48. Kxf3 {[%clk 0:01:01]} g4+
{[%clk 0:02:28]} 49. Kg2 {[%clk 0:01:07]} gxh3+ {[%clk 0:02:36]} 50. Kxh3
{[%clk 0:01:15]} Bf6 {[%clk 0:01:58]} 51. Kg3 {[%clk 0:00:48]} Bxc3
{[%clk 0:01:39]} 52. bxc3 {[%clk 0:00:57]} Ke5 {[%clk 0:01:48]} 53. Kf3
{[%clk 0:00:48]} b5 {[%clk 0:01:36]} 54. Ke2 {[%clk 0:00:52]} Kd5
{[%clk 0:01:30]} 55. Kd2 {[%clk 0:00:16]} Kc4 {[%clk 0:01:34]} 0-1

[Event "Team Championship of Russia (rapid)"]
[Site "Sochi"]
[Date "2015.05.08"]
[Round "1.3"]
[White "Matlakov, Maxim"]
[Black "Savitskiy, Sergey"]
[Result "1-0"]
[LiveChessVersion "1.4.4"]
[BlackElo "2438"]
[WhiteElo "2647"]
[BlackTeam "Yamal"]
[WhiteTeam "The Bronze Horseman"]

1. Nf3 {[%clk 0:15:17]} Nf6 {[%clk 0:15:17]} 2. c4 {[%clk 0:15:24]} g6
{[%clk 0:15:26]} 3. Nc3 {[%clk 0:15:30]} Bg7 {[%clk 0:15:34]} 4. d4
{[%clk 0:15:12]} O-O {[%clk 0:15:41]} 5. Bg5 {[%clk 0:15:21]} d6 {[%clk 0:14:58]}
6. e3 {[%clk 0:15:27]} Nbd7 {[%clk 0:14:48]} 7. Be2 {[%clk 0:15:32]} Re8
{[%clk 0:13:31]} 8. O-O {[%clk 0:15:38]} e5 {[%clk 0:13:23]} 9. Rc1
{[%clk 0:14:27]} c6 {[%clk 0:10:05]} 10. b4 {[%clk 0:14:29]} Qe7 {[%clk 0:09:04]}
11. b5 {[%clk 0:14:14]} h6 {[%clk 0:08:04]} 12. Bh4 {[%clk 0:14:16]} Nf8
{[%clk 0:07:58]} 13. bxc6 {[%clk 0:14:02]} bxc6 {[%clk 0:08:07]} 14. c5
{[%clk 0:14:09]} exd4 {[%clk 0:06:51]} 15. Nxd4 {[%clk 0:13:28]} dxc5
{[%clk 0:06:47]} 16. Nxc6 {[%clk 0:13:33]} Qe6 {[%clk 0:06:38]} 17. Na5
{[%clk 0:12:59]} Ba6 {[%clk 0:06:11]} 18. Nb3 {[%clk 0:12:07]} Bxe2
{[%clk 0:05:47]} 19. Qxe2 {[%clk 0:12:12]} N8d7 {[%clk 0:05:35]} 20. Rfd1
{[%clk 0:12:13]} c4 {[%clk 0:03:55]} 21. Nd4 {[%clk 0:12:15]} Qg4
{[%clk 0:03:43]} 22. Qxg4 {[%clk 0:11:42]} Nxg4 {[%clk 0:03:52]} 23. Ncb5
{[%clk 0:11:48]} Be5 {[%clk 0:02:37]} 24. h3 {[%clk 0:09:36]} g5 {[%clk 0:02:16]}
25. hxg4 {[%clk 0:09:40]} gxh4 {[%clk 0:02:25]} 26. Rxc4 {[%clk 0:09:39]} Nb6
{[%clk 0:02:20]} 27. Rc6 {[%clk 0:09:38]} Kh7 {[%clk 0:01:53]} 28. Nf3
{[%clk 0:09:20]} Bg7 {[%clk 0:01:25]} 29. Nxh4 {[%clk 0:09:17]} Rec8
{[%clk 0:01:30]} 30. Rdc1 {[%clk 0:08:59]} Rxc6 {[%clk 0:00:51]} 31. Rxc6
{[%clk 0:09:07]} Nd5 {[%clk 0:01:00]} 32. Nf5 {[%clk 0:09:11]} Bf8
{[%clk 0:01:07]} 33. Ra6 {[%clk 0:08:58]} Nb4 {[%clk 0:01:06]} 34. Rf6
{[%clk 0:08:13]} a6 {[%clk 0:01:07]} 35. Nc3 {[%clk 0:06:16]} Ra7
{[%clk 0:01:07]} 36. a4 {[%clk 0:06:05]} Rc7 {[%clk 0:00:57]} 37. Ne4
{[%clk 0:05:57]} a5 {[%clk 0:00:42]} 38. g3 {[%clk 0:05:47]} Rb7 {[%clk 0:00:31]}
39. Ned6 {[%clk 0:05:36]} Rb6 {[%clk 0:00:32]} 40. Rxf7+ {[%clk 0:05:38]} Kg8
{[%clk 0:00:41]} 41. Rd7 {[%clk 0:05:45]} Nd3 {[%clk 0:00:30]} 42. Rd8
{[%clk 0:05:03]} Rb1+ {[%clk 0:00:25]} 43. Kg2 {[%clk 0:05:06]} Ne1+
{[%clk 0:00:32]} 44. Kh3 {[%clk 0:05:12]} Nd3 {[%clk 0:00:29]} 45. Nxh6+
{[%clk 0:05:15]} Kg7 {[%clk 0:00:38]} 46. Ndf5+ {[%clk 0:05:17]} 1-0

[Event "Team Championship of Russia (rapid)"]
[Site "Sochi"]
[Date "2015.05.08"]
[Round "1.4"]
[White "Potapov, Alexander"]
[Black "Fedoseev, Vladimir"]
[Result "0-1"]
[LiveChessVersion "1.4.4"]
[BlackElo "2659"]
[WhiteElo "2436"]
[BlackTeam "The Bronze Horseman"]
[WhiteTeam "Yamal"]

1. d4 {[%clk 0:15:18]} c6 {[%clk 0:15:20]} 2. c4 {[%clk 0:15:25]} g6
{[%clk 0:15:29]} 3. Nc3 {[%clk 0:15:32]} Bg7 {[%clk 0:15:37]} 4. e4
{[%clk 0:15:40]} d6 {[%clk 0:15:46]} 5. h3 {[%clk 0:15:47]} e5 {[%clk 0:15:29]}
6. Nf3 {[%clk 0:15:36]} exd4 {[%clk 0:15:35]} 7. Nxd4 {[%clk 0:15:44]} Nf6
{[%clk 0:15:45]} 8. Be2 {[%clk 0:15:39]} O-O {[%clk 0:15:53]} 9. O-O
{[%clk 0:15:48]} Re8 {[%clk 0:16:02]} 10. Bf3 {[%clk 0:14:20]} Nbd7
{[%clk 0:16:11]} 11. Re1 {[%clk 0:14:02]} Qb6 {[%clk 0:15:24]} 12. Nb3
{[%clk 0:14:02]} Qb4 {[%clk 0:15:28]} 13. Be3 {[%clk 0:13:24]} Ne5
{[%clk 0:15:16]} 14. c5 {[%clk 0:09:59]} Nxf3+ {[%clk 0:15:14]} 15. Qxf3
{[%clk 0:10:05]} Nd7 {[%clk 0:14:43]} 16. cxd6 {[%clk 0:09:48]} Qxd6
{[%clk 0:14:46]} 17. Rad1 {[%clk 0:09:50]} Qe7 {[%clk 0:14:19]} 18. Bd4
{[%clk 0:09:43]} Ne5 {[%clk 0:14:28]} 19. Qg3 {[%clk 0:09:44]} g5
{[%clk 0:13:41]} 20. Be3 {[%clk 0:09:32]} h6 {[%clk 0:13:40]} 21. Nd4
{[%clk 0:09:34]} Rd8 {[%clk 0:13:36]} 22. Kh1 {[%clk 0:08:24]} Nc4
{[%clk 0:13:36]} 23. Nf5 {[%clk 0:07:01]} Bxf5 {[%clk 0:13:35]} 24. exf5
{[%clk 0:07:09]} Nxb2 {[%clk 0:13:21]} 25. Bd4 {[%clk 0:07:04]} Qb4
{[%clk 0:12:35]} 26. Bxg7 {[%clk 0:07:07]} Rxd1 {[%clk 0:12:24]} 27. Rxd1
{[%clk 0:07:03]} Nxd1 {[%clk 0:12:32]} 28. Bxh6 {[%clk 0:07:10]} Kh7
{[%clk 0:11:34]} 29. Nxd1 {[%clk 0:05:17]} Kxh6 {[%clk 0:11:32]} 30. Ne3
{[%clk 0:05:22]} Re8 {[%clk 0:11:05]} 31. Qc7 {[%clk 0:05:12]} Qe7
{[%clk 0:10:45]} 32. Qa5 {[%clk 0:05:14]} b6 {[%clk 0:10:25]} 33. Qc3
{[%clk 0:04:55]} f6 {[%clk 0:10:34]} 34. Qxc6 {[%clk 0:05:00]} Rd8
{[%clk 0:10:35]} 35. Qf3 {[%clk 0:04:38]} Qc7 {[%clk 0:10:30]} 36. Qe4
{[%clk 0:04:33]} Kg7 {[%clk 0:10:37]} 37. g3 {[%clk 0:04:20]} Rd2
{[%clk 0:10:44]} 38. Kg2 {[%clk 0:04:07]} Rxa2 {[%clk 0:10:35]} 39. h4
{[%clk 0:03:52]} gxh4 {[%clk 0:10:43]} 40. Qg4+ {[%clk 0:03:54]} Kf8
{[%clk 0:10:52]} 41. Qxh4 {[%clk 0:03:48]} Qc6+ {[%clk 0:11:01]} 42. Kh2
{[%clk 0:02:35]} Rxf2+ {[%clk 0:10:31]} 43. Kg1 {[%clk 0:02:44]} Re2
{[%clk 0:10:25]} 44. Qh8+ {[%clk 0:02:50]} Ke7 {[%clk 0:10:32]} 45. Qg7+
{[%clk 0:02:44]} Kd8 {[%clk 0:10:37]} 46. Qg8+ {[%clk 0:02:50]} Kc7
{[%clk 0:10:32]} 47. Qf7+ {[%clk 0:01:36]} Kc8 {[%clk 0:10:37]} 48. Qf8+
{[%clk 0:01:34]} Kb7 {[%clk 0:10:42]} 49. Qe7+ {[%clk 0:01:42]} Qc7
{[%clk 0:10:48]} 50. Qe4+ {[%clk 0:01:48]} Kb8 {[%clk 0:10:55]} 51. Kf1
{[%clk 0:01:21]} Rd2 {[%clk 0:10:59]} 52. Nc4 {[%clk 0:01:13]} Rd8
{[%clk 0:11:03]} 53. g4 {[%clk 0:00:50]} Qh2 {[%clk 0:11:10]} 54. Ne3
{[%clk 0:00:52]} Rc8 {[%clk 0:11:19]} 55. Nc4 {[%clk 0:00:47]} b5
{[%clk 0:11:16]} 0-1

[Event "Team Championship of Russia (rapid)"]
[Site "Sochi"]
[Date "2015.05.08"]
[Round "1.5"]
[White "Demidov, Mikhail"]
[Black "Nepomniachtchi, Ian"]
[Result "0-1"]
[LiveChessVersion "1.4.4"]
[BlackElo "2700"]
[WhiteElo "2493"]
[BlackTeam "SHSM-Our Heritage-1"]
[WhiteTeam "Boavishta"]

1. Nf3 {[%clk 0:15:18]} g6 {[%clk 0:15:19]} 2. e4 {[%clk 0:15:23]} d6
{[%clk 0:15:25]} 3. d4 {[%clk 0:15:29]} Nf6 {[%clk 0:15:34]} 4. Nc3
{[%clk 0:15:37]} Bg7 {[%clk 0:15:43]} 5. Be2 {[%clk 0:15:46]} a6 {[%clk 0:15:50]}
6. a4 {[%clk 0:15:55]} O-O {[%clk 0:15:57]} 7. O-O {[%clk 0:16:03]} Nc6
{[%clk 0:16:06]} 8. h3 {[%clk 0:16:11]} e5 {[%clk 0:16:05]} 9. dxe5
{[%clk 0:16:00]} dxe5 {[%clk 0:16:11]} 10. Be3 {[%clk 0:16:06]} h6
{[%clk 0:16:11]} 11. Bc4 {[%clk 0:16:09]} Qe7 {[%clk 0:16:07]} 12. Qe2
{[%clk 0:16:04]} Be6 {[%clk 0:16:02]} 13. Nd5 {[%clk 0:15:45]} Bxd5
{[%clk 0:16:10]} 14. exd5 {[%clk 0:15:53]} Nb4 {[%clk 0:16:03]} 15. Qd2
{[%clk 0:14:21]} Kh7 {[%clk 0:14:08]} 16. Rad1 {[%clk 0:11:03]} e4
{[%clk 0:12:21]} 17. c3 {[%clk 0:08:44]} exf3 {[%clk 0:12:11]} 18. cxb4
{[%clk 0:08:52]} fxg2 {[%clk 0:12:20]} 19. Rfe1 {[%clk 0:09:01]} Qd7
{[%clk 0:12:23]} 20. Kxg2 {[%clk 0:09:03]} Qxa4 {[%clk 0:12:28]} 21. Bc5
{[%clk 0:08:46]} Rfe8 {[%clk 0:12:37]} 22. d6 {[%clk 0:08:42]} Qc6+
{[%clk 0:11:44]} 23. Kg1 {[%clk 0:08:42]} Rxe1+ {[%clk 0:11:38]} 24. Qxe1
{[%clk 0:08:43]} cxd6 {[%clk 0:09:47]} 25. Rxd6 {[%clk 0:08:46]} Re8
{[%clk 0:09:55]} 26. Qc3 Qe4 {[%clk 0:09:52]} 27. Bxf7 {[%clk 0:07:28]} Qb1+
{[%clk 0:09:31]} 28. Kg2 {[%clk 0:07:34]} Re1 {[%clk 0:09:24]} 29. Rxf6
{[%clk 0:06:08]} Rg1+ {[%clk 0:08:18]} 30. Kf3 {[%clk 0:06:13]} Qd1+
{[%clk 0:08:12]} 31. Ke4 {[%clk 0:06:04]} Qe1+ {[%clk 0:07:47]} 32. Kd3
{[%clk 0:05:15]} Qxc3+ {[%clk 0:07:29]} 33. bxc3 {[%clk 0:05:24]} Bxf6
{[%clk 0:07:38]} 34. Bd5 {[%clk 0:05:32]} Rc1 {[%clk 0:07:02]} 35. Bxb7
{[%clk 0:05:39]} a5 {[%clk 0:05:33]} 36. Bd4 {[%clk 0:05:18]} Bxd4
{[%clk 0:05:41]} 37. Kxd4 {[%clk 0:05:26]} a4 {[%clk 0:05:50]} 38. Kc4
{[%clk 0:05:10]} Rc2 {[%clk 0:05:35]} 39. Bd5 {[%clk 0:05:04]} a3
{[%clk 0:05:38]} 40. Kd3 {[%clk 0:05:08]} Rxf2 {[%clk 0:05:26]} 41. b5
{[%clk 0:05:13]} Rb2 {[%clk 0:05:34]} 0-1

[Event "Team Championship of Russia (rapid)"]
[Site "Sochi"]
[Date "2015.05.08"]
[Round "1.7"]
[White "Vastrukhin, Oleg"]
[Black "Grachev, Boris"]
[Result "1/2-1/2"]
[LiveChessVersion "1.4.4"]
[BlackElo "2665"]
[WhiteElo "2444"]
[BlackTeam "SHSM-Our Heritage-1"]
[WhiteTeam "Boavishta"]

1. Nf3 {[%clk 0:15:19]} d5 {[%clk 0:15:10]} 2. g3 {[%clk 0:15:27]} Bg4
{[%clk 0:15:14]} 3. Ne5 {[%clk 0:15:34]} Bf5 {[%clk 0:15:22]} 4. d4
{[%clk 0:15:42]} e6 {[%clk 0:15:23]} 5. Bg2 {[%clk 0:15:50]} Nd7 {[%clk 0:15:14]}
6. O-O {[%clk 0:15:55]} Ngf6 {[%clk 0:14:34]} 7. c4 {[%clk 0:16:02]} c6
{[%clk 0:14:42]} 8. Qb3 {[%clk 0:16:00]} Qb6 {[%clk 0:14:43]} 9. Nxd7
{[%clk 0:16:08]} Nxd7 {[%clk 0:14:49]} 10. Nc3 {[%clk 0:16:14]} Nf6
{[%clk 0:12:49]} 11. c5 {[%clk 0:14:35]} Qc7 {[%clk 0:12:19]} 12. a4
{[%clk 0:14:29]} a5 {[%clk 0:11:40]} 13. Bf4 {[%clk 0:13:01]} Qd7
{[%clk 0:11:49]} 14. Rfd1 {[%clk 0:12:53]} Be7 {[%clk 0:11:54]} 15. f3
{[%clk 0:12:34]} O-O {[%clk 0:11:48]} 16. e4 {[%clk 0:12:28]} Bg6
{[%clk 0:11:48]} 17. Bd6 {[%clk 0:11:23]} Bxd6 {[%clk 0:10:55]} 18. cxd6
{[%clk 0:11:32]} Qxd6 {[%clk 0:11:04]} 19. e5 {[%clk 0:11:05]} Qb4
{[%clk 0:11:13]} 20. Qxb4 {[%clk 0:10:57]} axb4 {[%clk 0:11:21]} 21. Na2
{[%clk 0:09:47]} Nd7 {[%clk 0:09:19]} 22. Nxb4 {[%clk 0:09:20]} c5
{[%clk 0:09:26]} 23. dxc5 {[%clk 0:09:29]} Nxc5 {[%clk 0:09:35]} 24. a5
{[%clk 0:09:34]} Rfc8 {[%clk 0:08:56]} 25. Ra3 {[%clk 0:09:27]} h6
{[%clk 0:08:10]} 26. Bf1 {[%clk 0:08:58]} Nd7 {[%clk 0:07:51]} 27. f4
{[%clk 0:08:42]} Be4 {[%clk 0:07:36]} 28. Kf2 {[%clk 0:08:31]} 1/2-1/2

[Event "Team Championship of Russia (rapid)"]
[Site "Sochi"]
[Date "2015.05.08"]
[Round "1.8"]
[White "Inarkiev, Ernesto"]
[Black "Pasiev, Rakhim"]
[Result "1-0"]
[LiveChessVersion "1.4.4"]
[BlackElo "2406"]
[WhiteElo "2611"]
[BlackTeam "Boavishta"]
[WhiteTeam "SHSM-Our Heritage-1"]

1. d4 {[%clk 0:15:16]} d5 {[%clk 0:15:16]} 2. c4 {[%clk 0:15:24]} Nc6
{[%clk 0:15:25]} 3. Nf3 {[%clk 0:14:55]} Bg4 {[%clk 0:15:33]} 4. Nc3
{[%clk 0:14:33]} e6 {[%clk 0:15:27]} 5. e3 {[%clk 0:14:37]} Nf6 {[%clk 0:15:15]}
6. h3 {[%clk 0:14:40]} Bh5 {[%clk 0:13:47]} 7. Be2 {[%clk 0:13:47]} a6
{[%clk 0:13:20]} 8. O-O {[%clk 0:13:51]} dxc4 {[%clk 0:13:08]} 9. Bxc4
{[%clk 0:13:10]} Bd6 {[%clk 0:13:14]} 10. Be2 {[%clk 0:12:43]} O-O
{[%clk 0:13:17]} 11. Nd2 {[%clk 0:12:52]} Bxe2 {[%clk 0:12:58]} 12. Qxe2
{[%clk 0:13:01]} e5 {[%clk 0:13:07]} 13. d5 {[%clk 0:13:10]} Ne7 {[%clk 0:13:16]}
14. e4 {[%clk 0:13:20]} Ng6 {[%clk 0:13:23]} 15. Nc4 {[%clk 0:13:23]} b5
{[%clk 0:13:13]} 16. Na5 {[%clk 0:13:13]} Nd7 {[%clk 0:11:49]} 17. Nc6
{[%clk 0:12:56]} Qe8 {[%clk 0:10:55]} 18. Be3 {[%clk 0:12:23]} Ne7
{[%clk 0:09:48]} 19. Na5 {[%clk 0:11:52]} f5 {[%clk 0:09:33]} 20. exf5
{[%clk 0:12:00]} Nxf5 {[%clk 0:09:42]} 21. a4 {[%clk 0:12:05]} Nd4
{[%clk 0:08:50]} 22. Qd1 {[%clk 0:11:22]} Bb4 {[%clk 0:06:11]} 23. Nc6
{[%clk 0:11:03]} Nxc6 {[%clk 0:06:19]} 24. dxc6 {[%clk 0:11:12]} Nf6
{[%clk 0:06:28]} 25. Qb3+ {[%clk 0:11:07]} 1-0

[Event "Team Championship of Russia (rapid)"]
[Site "Sochi"]
[Date "2015.05.08"]
[Round "1.9"]
[White "Malakhov, Vladimir"]
[Black "Reshetnikov, Alexey"]
[Result "1-0"]
[LiveChessVersion "1.4.4"]
[BlackElo "2390"]
[WhiteElo "2729"]
[BlackTeam "Our heritage - Junior"]
[WhiteTeam "Malachite"]

1. e4 {[%clk 0:15:17]} c5 {[%clk 0:15:09]} 2. Nf3 {[%clk 0:15:25]} Nc6
{[%clk 0:15:14]} 3. Bb5 {[%clk 0:15:29]} e6 {[%clk 0:15:14]} 4. Bxc6
{[%clk 0:14:43]} bxc6 {[%clk 0:15:22]} 5. d3 {[%clk 0:14:50]} Ne7
{[%clk 0:15:29]} 6. Qe2 {[%clk 0:14:39]} Ng6 {[%clk 0:14:21]} 7. h4
{[%clk 0:14:22]} h5 {[%clk 0:14:30]} 8. e5 {[%clk 0:14:09]} f6 {[%clk 0:14:39]}
9. Qe4 {[%clk 0:14:01]} Kf7 {[%clk 0:14:47]} 10. Nc3 {[%clk 0:13:59]} d5
{[%clk 0:13:59]} 11. exd6 {[%clk 0:14:05]} Qxd6 {[%clk 0:14:07]} 12. Qc4
{[%clk 0:11:41]} Rb8 {[%clk 0:11:50]} 13. a3 {[%clk 0:11:47]} Ne5
{[%clk 0:09:22]} 14. Nxe5+ {[%clk 0:10:36]} Qxe5+ {[%clk 0:09:31]} 15. Qe4
{[%clk 0:09:59]} Bd6 {[%clk 0:08:12]} 16. Qxe5 {[%clk 0:08:51]} Bxe5
{[%clk 0:08:11]} 17. Na4 {[%clk 0:08:59]} c4 {[%clk 0:07:55]} 18. dxc4
{[%clk 0:08:40]} Ba6 {[%clk 0:06:55]} 19. f4 {[%clk 0:04:38]} Bd6
{[%clk 0:06:52]} 20. b3 {[%clk 0:04:38]} e5 {[%clk 0:05:07]} 21. O-O
{[%clk 0:04:44]} Rhe8 {[%clk 0:04:16]} 22. Be3 {[%clk 0:04:38]} exf4
{[%clk 0:03:22]} 23. Bxf4 {[%clk 0:04:46]} Bxf4 {[%clk 0:03:31]} 24. Rxf4
{[%clk 0:04:55]} Re2 {[%clk 0:03:40]} 25. Rf2 {[%clk 0:05:00]} Rbe8
{[%clk 0:03:48]} 26. Rd1 {[%clk 0:04:17]} Bc8 {[%clk 0:03:44]} 27. Nc5
{[%clk 0:04:19]} Bg4 {[%clk 0:03:13]} 28. Rd6 {[%clk 0:03:38]} Rxf2
{[%clk 0:02:24]} 29. Kxf2 {[%clk 0:03:47]} Re2+ {[%clk 0:02:34]} 30. Kf1
{[%clk 0:03:35]} Rxc2 {[%clk 0:02:40]} 31. Rxc6 {[%clk 0:03:43]} Kg6
{[%clk 0:01:54]} 32. Ra6 {[%clk 0:03:13]} Kf5 {[%clk 0:01:13]} 33. Rxa7
{[%clk 0:03:21]} g5 {[%clk 0:00:43]} 34. hxg5 {[%clk 0:03:27]} fxg5
{[%clk 0:00:52]} 35. a4 {[%clk 0:03:13]} h4 {[%clk 0:00:33]} 36. a5
{[%clk 0:03:15]} Ra2 {[%clk 0:00:21]} 37. a6 {[%clk 0:02:36]} Kf4
{[%clk 0:00:31]} 38. Rf7+ {[%clk 0:02:45]} Kg3 {[%clk 0:00:40]} 39. Ne4+
{[%clk 0:02:53]} Kh2 {[%clk 0:00:49]} 40. a7 {[%clk 0:02:47]} Bd1
{[%clk 0:00:40]} 41. Nc3 {[%clk 0:02:44]} Ra1 {[%clk 0:00:28]} 42. Nxd1
{[%clk 0:02:19]} Rxd1+ {[%clk 0:00:37]} 43. Kf2 {[%clk 0:02:28]} Ra1
{[%clk 0:00:43]} 44. Rg7 {[%clk 0:02:24]} 1-0